书目信息 |
| 书名: | Samurai Stars of the Stage and Beautiful Women | |
| 作者: | Hatji Cantz. | |
| 分册号: | ||
| 分册名: | 出版地: |
|
| 出版社: | kunisada and kuniyoshi master of the color woodblock | |
| 出版时间: | ||
| 页数: | 240 p. ; | |
| 开本: | 30cm. | |
| 丛书名: | ||
| 中图分类号: | ||
| 科图分类号: | ||
| 其他分类号: | J232 | |
| 主题词: | ||
| 电子资源: | ||
| 000 | 00491nam 2200169 a 4500 | |
| 001 | E1755901991 | |
| 005 | 20171201155011.76 | |
| 008 | 171201s 00010 eng | |
| 020 | @a978-3-7757-3239-0 :@cCNY 480.00. | |
| 040 | @aPFT@beng | |
| 093 | @aJ232 | |
| 099 | @dJ232@eH326 | |
| 245 | @aSamurai Stars of the Stage and Beautiful Women / @cHatji Cantz. | |
| 260 | @bkunisada and kuniyoshi master of the color woodblock. | |
| 300 | @a240 p. ;@c30cm. | |
| 650 | 0 | @a绘画@x世界 |
| 650 | 0 | @a绘画@y各国 |
| Samurai Stars of the Stage and Beautiful Women / / Hatji Cantz.-kunisada and kuniyoshi master of the color woodblock. |
| 240 p. ; ; 30cm. |
| ISBN 978-3-7757-3239-0 :CNY 480.00. |
| ● |
| 相关链接 |
|
|
|
正题名:Samurai Stars of the Stage and Beautiful
索取号:J232/H326
 
预约/预借
| 序号 | 登录号 | 条形码 | 馆藏地/架位号 | 状态 | 备注 |
| 1 | 0015866 | 300158665 | 艺术设计学院资料室/ [索取号:J232/H326] | 在馆 |